[Event "Main Tournament (HTO)"]
[Site "Biel/Bienne"]
[Date "2023.07.19"]
[Round "3.17"]
[White "Sala, Matteo"]
[Black "Pleyer, Felix"]
[Result "0-1"]
[WhiteElo "1874"]
[BlackElo "1957"]
[PlyCount "87"]
[EventDate "2023.07.17"]

1. e4 Nf6 2. e5 Nd5 3. d4 d6 4. c4 Nb6 5. exd6 cxd6 6. Nc3 g6 7. Nf3 Bg7 8. Be2 O-O 9. O-O Bg4 10. b3 d5 11. c5 Nc8 12. Be3 Nc6 13. b4 a6 14. Rb1 e6 15. a4 N8e7 16. b5 Na5 17. h3 Bxf3 18. Bxf3 Nf5 19. g4 Nxe3 20. fxe3 Nc4 21. Qe1 Bh6 22. Nd1 axb5 23. axb5 Ra3 24. h4 Bxe3+ 25. Nxe3 Rxe3 26. Qf2 f5 27. g5 f4 28. Rfe1 Qc7 29. Kh1 Rxe1+ 30. Qxe1 Ne3 31. Ra1 Qd7 32. Qe2 e5 33. dxe5 Qh3+ 34. Kg1 Qg3+ 35. Kh1 Qxh4+ 36. Qh2 Qxg5 37. Ra7 Qxe5 38. Rxb7 h5 39. Qg1 Qf5 40. Qh2 Ra8 41. Qb2 Qh3+ 42. Kg1 Qg3+ 43. Kh1 Qxf3+ 44. Kh2 0-1

[Event "Main Tournament (HTO)"]
[Site "Biel/Bienne"]
[Date "2023.07.19"]
[Round "3.18"]
[White "Maitre, Fabien"]
[Black "Keymer, Cecilia"]
[Result "1/2-1/2"]
[WhiteElo "1813"]
[BlackElo "1698"]
[PlyCount "83"]
[EventDate "2023.07.17"]

1. d4 d5 2. Nf3 Nf6 3. g3 Bf5 4. Bg2 h6 5. O-O c6 6. c4 e6 7. Nc3 Be7 8. Ne5 O-O 9. Qb3 Qb6 10. c5 Qxb3 11. axb3 Nbd7 12. f4 Nxe5 13. fxe5 Nd7 14. e4 Bg6 15. b4 a6 16. exd5 exd5 17. Bh3 Rfd8 18. b5 Bd3 19. Bxd7 Rxd7 20. bxc6 bxc6 21. Rf3 Bc4 22. Na4 Bd8 23. Bd2 Rb7 24. Bc3 Rb3 25. Re3 Ra7 26. Kf2 Re7 27. h4 Re6 28. Ra3 Rb7 29. Ra1 Bb3 30. Re2 Rg6 31. Kf3 Re6 32. Be1 Bc4 33. Re3 f6 34. exf6 Rxf6+ 35. Kg2 Kf8 36. Bc3 Bb3 37. Rf3 Rxf3 38. Kxf3 Rf7+ 39. Kg2 Rb7 40. Kf2 Rf7+ 41. Kg2 Rb7 42. Kf2 1/2-1/2

[Event "Main Tournament (HTO)"]
[Site "Biel/Bienne"]
[Date "2023.07.19"]
[Round "3.19"]
[White "Kleinhenz, Hans-Georg"]
[Black "Ramadugu, Akshay"]
[Result "0-1"]
[WhiteElo "1803"]
[BlackElo "1844"]
[PlyCount "82"]
[EventDate "2023.07.17"]

1. d4 d5 2. Nf3 Nf6 3. g3 Bf5 4. Bg2 h6 5. O-O e6 6. Nbd2 Be7 7. b3 O-O 8. Bb2 a5 9. a3 Nbd7 10. c4 c6 11. Re1 Qb6 12. c5 Qc7 13. b4 a4 14. Ne5 b5 15. e4 Nxe5 16. exf5 Nd3 17. Qc2 Nxe1 18. Rxe1 exf5 19. Qxf5 Rfe8 20. Nf3 Nd7 21. Bh3 Nf8 22. Bc1 Bf6 23. Rxe8 Rxe8 24. Bxh6 Qe7 25. Bf4 Qe2 26. Be5 Re6 27. Bg4 Qd1+ 28. Kg2 Qb3 29. Qh5 g6 30. Qh3 Rxe5 31. dxe5 Be7 32. Bd7 Qxa3 33. Bxc6 Qxb4 34. Bxd5 Qxc5 35. Ba2 b4 36. e6 f6 37. Qh6 Qc2 38. Bd5 b3 39. Nd2 g5 40. Be4 Qxd2 41. Bg6 Qd5+ 0-1

[Event "Main Tournament (HTO)"]
[Site "Biel/Bienne"]
[Date "2023.07.19"]
[Round "3.20"]
[White "Sleczka, Bartosz"]
[Black "Begdullayev, Tamerlan"]
[Result "1-0"]
[WhiteElo "1824"]
[BlackElo "1783"]
[PlyCount "117"]
[EventDate "2023.07.17"]

1. e4 c5 2. Nf3 d6 3. b3 Nf6 4. Nc3 Nc6 5. Bb2 e5 6. Bc4 Bg4 7. h3 Bxf3 8. Qxf3 Nd4 9. Qd3 g6 10. Nd5 Nxd5 11. Bxd5 Qd7 12. O-O Bg7 13. Bxd4 cxd4 14. f4 O-O 15. f5 Bh6 16. Rf2 Kg7 17. Raf1 f6 18. c3 dxc3 19. dxc3 Rac8 20. Be6 Qc7 21. Bxc8 Qxc8 22. Kh1 Qc6 23. Rf3 g5 24. Rd1 Rd8 25. c4 b6 26. Qe2 Kh8 27. Rfd3 Bf8 28. Rd5 Be7 29. Qh5 Rg8 30. Qf7 Rg7 31. Qe6 h5 32. a4 h4 33. Ra1 a5 34. Re1 Qc7 35. Rb5 g4 36. hxg4 Rxg4 37. Qf7 Rg7 38. Qh5+ Rh7 39. Qe8+ Kg7 40. Qg6+ Kh8 41. Qe8+ Kg7 42. Re3 Rh6 43. Rh3 Bd8 44. g3 Kh7 45. Qf8 Qg7 46. Qxg7+ Kxg7 47. Rxh4 Rh8 48. Rxh8 Kxh8 49. b4 Kg7 50. bxa5 bxa5 51. Rb8 Be7 52. Ra8 d5 53. cxd5 Bb4 54. Re8 Kf7 55. Re6 Bc5 56. d6 Bb6 57. d7 Bd8 58. Re8 Be7 59. d8=Q 1-0

[Event "Main Tournament (HTO)"]
[Site "Biel/Bienne"]
[Date "2023.07.19"]
[Round "3.21"]
[White "Tkhoruk, Roman"]
[Black "Paholok, Igor"]
[Result "0-1"]
[WhiteElo "1803"]
[BlackElo "1710"]
[PlyCount "62"]
[EventDate "2023.07.17"]

1. d4 g6 2. c3 b6 3. e4 Bb7 4. f3 d6 5. Bg5 Bg7 6. Bc4 Nf6 7. Qb3 O-O 8. Ne2 Nc6 9. Qc2 Na5 10. Bd3 c5 11. O-O c4 12. d5 Ba6 13. Nd4 cxd3 14. Qa4 b5 15. Nxb5 Bxb5 16. Qxb5 Rb8 17. Qxd3 Rxb2 18. Nd2 Qc7 19. Be3 Nd7 20. Rfc1 Ne5 21. Qa6 Nec4 22. Nxc4 Nxc4 23. Bd4 Bh6 24. Rcb1 Rxb1+ 25. Rxb1 Be3+ 26. Bxe3 Nxe3 27. c4 Rb8 28. Rb5 Rxb5 29. Qxb5 Nxc4 30. Qe8+ Kg7 31. g4 Ne5 0-1